000 01076cam a2200289Mc 4500
005 20151019081216.0
008 15 s2006 enkao fr 001 0 eng d
020 _a9780521685559
020 _a9780521866491
035 _a(OCoLC)474492745
040 _aCo-BoUCM
_bspa
_cLuz Cupitra
_dLuz Cupitra
041 _aeng
100 1 _aHyam, Ronald
_972457
245 1 0 _aBritain's declining empire
_bthe road to decolonisation, 1918-1968
_cRonald Hyam
260 _aCambridge (Inglaterra)
_bCambridge University Press
_c2006
300 _axvii, 464 páginas
_bIlustaciones, fotografías
504 _aIncluye referencias bibliográficas e índices
650 7 _aDescolonización
_913003
_xColonias
_zGran Bretaña
650 7 _aColonialismo
_911141
_xHistoria
650 7 _aImperialismo
_917199
651 7 _aInglaterra
_927013
651 7 _xPolítica y gobierno
_y1945-
_972458
651 7 _aGran Bretaña
_xColonias
_xHistoria
_972455
690 _942846
_aHistoria de Europa
942 _2DEWEY
_a21
_cLIBRO
_e1
_h909.097
_mH992br
999 _c301585
_d301585